| 000 | 00662nam a2200205 4500 | ||
|---|---|---|---|
| 001 | 148350 | ||
| 003 | ES-MaACL | ||
| 005 | 20230906202556.0 | ||
| 007 | t| | ||
| 008 | 070214s1957 sp r ||||1| spa d | ||
| 100 | 1 |
_aSteenberghen, Fernand van. _9107982 |
|
| 245 | 1 | 0 |
_aOntología / _cFernand van Steenberghen ; versión de Rafael Martínez Ferri. |
| 260 |
_aMadrid : _b[s. n.], _c1957 ( _fGráf. Jura) |
||
| 300 |
_a320 p. ; _c20 cm. |
||
| 490 | 1 | _aBiblioteca hispánica de Filosofía | |
| 700 | 1 |
_aMartínez Ferri, Rafael. _978084 |
|
| 830 | 0 |
_aBiblioteca hispánica de Filosofía _9181000 |
|
| 852 |
_aES-MaACL _jC-13843 _bR.41592 |
||
| 999 |
_c148350 _d148350 |
||